Introduction to social work research / (Record no. 3153)
[ view plain ]
| 000 -LEADER | |
|---|---|
| fixed length control field | 01132cam a2200205 a 4500 |
| 020 ## - INTERNATIONAL STANDARD BOOK NUMBER | |
| ISBN | 0875814158 |
| 020 ## - INTERNATIONAL STANDARD BOOK NUMBER | |
| ISBN | 9780875814155 |
| 050 00 - CALL NUMBER | |
| Classification number | HV11 |
| Item number | .W55 |
| 100 1# - AUTHOR | |
| Personal name | Williams, Margaret, |
| 245 10 - TITLE | |
| Title | Introduction to social work research / |
| Statement of responsibility, etc | Margaret Williams, Yvonne A. Unrau, Richard M. Grinnell, Jr. |
| 260 ## - PUBLICATION INFORMATION | |
| Place of publication | Itasca, Ill. : |
| Name of publisher | F.E. Peacock Publishers, |
| Year of publication | c1998. |
| 300 ## - DESCRIPTION | |
| Number of Pages | ix, 402 p. : |
| Other physical details | ill. ; |
| Dimensions | 26 cm. |
| 500 ## - NOTES | |
| General note | Rev. ed. of: Research in social work / Margaret Williams, Leslie M. Tutty, Richard M. Grinnell, Jr. 2nd ed. c1995. |
| 505 ## - FORMATTED CONTENTS NOTE | |
| Table of Content | Introduction <br/>Dimensions of research<br/>Research approaches<br/>Measuring variables<br/>Selecting research participants<br/>Exploratory research designs <br/>Descriptive research designs<br/>Explanatory research design<br/>"Ideal'' research Designs<br/>Collecting data<br/>Selecting a data collection<br/>Quantitative data analysis <br/>Qualitative data analysis<br/>Quantitative proposal and reports<br/>Qualitative proposal and reports<br/><br/> |
| 650 #0 - SUBJECTS | |
| Topical Term | Social service |
| General subdivision | Research |
| -- | Methodology. |
| 700 1# - OTHER AUTHORS | |
| Personal name | Unrau, Yvonne A. |
| 700 1# - OTHER AUTHORS | |
| Personal name | Grinnell, Richard M. |
| 700 1# - OTHER AUTHORS | |
| Personal name | Williams, Margaret, |
| 942 ## - ADDED ENTRY ELEMENTS (KOHA) | |
| Koha item type | Books |
| Withdrawn status | Lost status | Collection code | Home library | Current library | Shelving location | Date acquired | Full call number | Accession Number | Copy number | Koha item type |
|---|---|---|---|---|---|---|---|---|---|---|
| Reference | Methodist University Library Main | Methodist University Library Main | General Stacks | HV11 .W55 | 36567 | 1 | Books |